00949nam a2200241 i 450000100060000000300090000600500170001500700030003200800410003510000470007624500680012326000370019130000210022849000430024958600550029283000510034785200210039885200210041994200080044099900170044895201210046595201210058689985ES-MaACL20250511063031.0t|050117s1972 mx ||||1| spa d1 aLázaro, Ángel,9240342d1900-1985eaut10aAlejandra, Ludovina y Elvira b: trilogía / cAngel Lázaro. aMéxico : bFinisterre, c1972. a88 p. ; c17 cm.1 aColección de teatro hispanoamericano aPremio Internacional de Teatro León Felipe, 19710 aColección de teatro hispanoamericano9231921 aES-MaACLjE-6213 aES-MaACLjL-1124 2udc c89985d89985 00104070aATENEOMbATENEOMcDEPO2d2008-01-17eSCl0oE-6213p1093972r2023-02-23 00:00:00w2023-02-23yMONOGRAFIA 00104070aATENEOMbATENEOMcDEPO2d2008-01-17eSCl0oL-1124p1093973r2023-02-23 00:00:00w2023-02-23yMONOGRAFIA